Corsarios mallorquines del siglo XVII (1674) / (Record no. 95383)

MARC details
000 -LEADER
campo de control de longitud fija 00646nam a2200181 i 4500
001 - NÚMERO DE CONTROL
campo de control 95383
003 - IDENTIFICADOR DE NÚMERO DE CONTROL
campo de control ES-MaACL
005 - FECHA Y HORA DE LA ÚLTIMA TRANSACCIÓN
campo de control 20230906181708.0
007 - CAMPO FIJO DE DESCRIPCIÓN FÍSICA--INFORMACIÓN GENERAL
campo de control de longitud fija t|
008 - DATOS DE LONGITUD FIJA--INFORMACIÓN GENERAL
campo de control de longitud fija 050527s1944 sp ||||1| spa d
100 1# - ENTRADA PRINCIPAL--NOMBRE DE PERSONA
Nombre de persona Llabrés Bernal, Juan.
9 (RLIN) 72635
245 10 - MENCIÓN DEL TÍTULO
Título Corsarios mallorquines del siglo XVII (1674) /
Mención de responsabilidad, etc. Juan Llabrés.
260 ## - PUBLICACIÓN, DISTRIBUCIÓN, ETC.
Lugar de publicación, distribución, etc. Palma de Mallorca :
Nombre del editor, distribuidor, etc. [s.n.],
Fecha de publicación, distribución, etc. 1944 (
Fabricante Imprenta Viuda de J. Soler Prats)
300 ## - DESCRIPCIÓN FÍSICA
Extensión 14 p. ;
Dimensiones 24 cm.
500 ## - NOTA GENERAL
Nota general Separata del Boletín de la Sociedad Arqueológica Luliana. Vol, XXIX número 704-705.
650 #4 - PUNTO DE ACCESO ADICIONAL DE MATERIA--TÉRMINO DE MATERIA
Término de materia o nombre geográfico como elemento de entrada Corsarios-
Subdivisión geográfica Mallorca-
Subdivisión de forma Historia.
9 (RLIN) 157684
852 ## - LOCALIZACIÓN
Ubicación ES-MaACL
Número de control de estantería 1839-F-27
Sublocalización o colección R.21020
Holdings
Estatus retirado Estado de pérdida Estado de daño No para préstamo Colección Biblioteca de origen Biblioteca actual Ubicación en estantería Fecha de adquisición Fuente de adquisición Total de préstamos Signatura topográfica completa Código de barras Visto por última vez Precio de reemplazo Tipo de ítem Koha
        Colección de folletos Biblioteca del Ateneo de Madrid Biblioteca del Ateneo de Madrid Depósito folletos 17/01/2008     1839-F-27 1099599 23/02/2023 23/02/2023 Folleto